000 00485nam a2200169Ia 4500
005 20250508150530.0
008 008 250505s9999 xx 000 0 eng d
037 _aTextual
040 _aFEDL
_beng
_cFEDL
041 _aeng
_2eng
084 _a574.07, TEA
_qFEDL
245 0 _aTeachers' notes on nature study: Plants and animals
260 _aLondon, UK
_bBlackie and Son Limited
300 _aviii,232p.
942 _cTEXL
_h574.07, TEA
999 _c1324125
_d1324125